[Event "Moscow Aeroflot rapid KO"]
[Site "Moscow"]
[Date "2013.02.15"]
[Round "2.1"]
[White "Korobov, Anton"]
[Black "Bukavshin, Ivan"]
[Result "1/2-1/2"]
[WhiteElo "2702"]
[BlackElo "2522"]
[PlyCount "68"]
[EventDate "2013.02.15"]
[EventType "k.o. (rapid)"]
[EventRounds "2"]
[EventCountry "RUS"]
[SourceTitle "CBM 152 Extra"]
[Source "ChessBase"]
[SourceDate "2013.02.25"]
[SourceVersion "1"]
[SourceVersionDate "2013.02.25"]
[SourceQuality "1"]

1. d4 d5 2. c4 c6 3. Nc3 Nf6 4. Nf3 e6 5. e3 Nbd7 6. Qc2 Bd6 7. g4 h6 8. Rg1 e5
9. b3 Qe7 10. Bb2 e4 11. Nd2 Nf8 12. h4 g5 13. hxg5 hxg5 14. cxd5 cxd5 15. Nb5
Bd7 16. Nc7+ Bxc7 17. Qxc7 Bc6 18. Qe5 Rg8 19. O-O-O Qxe5 20. dxe5 N6d7 21. f3
Ng6 22. fxe4 Ndxe5 23. exd5 Bxd5 24. Nc4 Bxc4 25. bxc4 Rc8 26. Kb1 Rh8 27. Bd3
Rh2 28. Bxg6 Nxc4 29. Bxf7+ Kxf7 30. Rd7+ Ke6 31. Rxb7 Rxb2+ 32. Rxb2 Na3+ 33.
Ka1 Nc2+ 34. Kb1 Na3+ 1/2-1/2

[Event "Sharjah Masters 1st"]
[Site "Sharjah"]
[Date "2017.03.31"]
[Round "9"]
[White "Naiditsch, Arkadij"]
[Black "Kravtsiv, Martyn"]
[Result "1/2-1/2"]
[WhiteElo "2702"]
[BlackElo "2641"]
[PlyCount "134"]
[EventDate "2017.03.23"]
[EventType "swiss"]
[EventRounds "9"]
[EventCountry "UAE"]
[SourceTitle "CBM 177 Extra"]
[Source "ChessBase"]
[SourceDate "2017.04.27"]
[SourceVersion "1"]
[SourceVersionDate "2017.04.27"]
[SourceQuality "1"]

1. d4 Nf6 2. Nf3 e6 3. Bf4 d5 4. e3 c5 5. c3 Nc6 6. Nbd2 cxd4 7. exd4 Nh5 8.
Be3 Bd6 9. Ne5 g6 10. Ndf3 Qc7 11. Be2 O-O 12. Bh6 Re8 13. Ng5 Bxe5 14. dxe5
Nf4 15. Nf3 Nxe5 16. Qa4 Nxg2+ 17. Kf1 Bd7 18. Qd4 f6 19. Kxg2 Nf7 20. Be3 e5
21. Qxd5 Bc6 22. Qb3 f5 23. Bc4 f4 24. Bc5 b6 25. Bd6 Qb7 26. Bxf7+ Qxf7 27.
Qxf7+ Kxf7 28. h4 Rad8 29. Rad1 h6 30. b4 Re6 31. Bc7 Rc8 32. Bd6 Ba8 33. c4
Rxc4 34. Bb8 Rc3 35. Rh3 Re7 36. Rd8 Be4 37. Bd6 Re6 38. b5 Rxf3 39. Rxf3 g5
40. Bb8 Re7 41. Rc8 g4 42. Rc7 Bxf3+ 43. Kg1 Rxc7 44. Bxc7 Ke6 45. Bb8 Be2 46.
Bxa7 Bxb5 47. Bxb6 Kf5 48. a3 g3 49. fxg3 fxg3 50. h5 Kf4 51. Bc5 Kg4 52. Be3
Kxh5 53. Kg2 Kg4 54. Bxh6 Bc6+ 55. Kf1 Kf3 56. Bd2 e4 57. Be1 Ba4 58. Kg1 Bb5
59. Bb4 e3 60. Bd6 Bc6 61. Bc7 g2 62. Ba5 Ke2 63. Bb4 Kd1 64. a4 e2 65. Kf2
Bxa4 66. Kxg2 e1=Q 67. Bxe1 Kxe1 1/2-1/2

[Event "EU-Cup 31st"]
[Site "Skopje"]
[Date "2015.10.21"]
[Round "4.3"]
[White "Rublevsky, Sergei"]
[Black "Christiansen, Johan Sebastian"]
[Result "0-1"]
[WhiteElo "2702"]
[BlackElo "2391"]
[Annotator "Schulz,André"]
[PlyCount "76"]
[EventDate "2015.10.18"]
[EventType "team-swiss"]
[EventRounds "7"]
[EventCountry "MKD"]
[SourceTitle "CBM 169"]
[Source "ChessBase"]
[SourceDate "2015.11.10"]
[SourceVersion "1"]
[SourceVersionDate "2015.11.10"]
[SourceQuality "1"]
[WhiteTeam "Belorechensk"]
[BlackTeam "Vaalerenga"]
[WhiteTeamCountry "RUS"]
[BlackTeamCountry "NOR"]

1. e4 e6 2. d4 d5 3. Nd2 c5 4. Ngf3 cxd4 5. exd5 Qxd5 6. Bc4 Qd6 7. O-O Nf6 8.
Nb3 Nc6 9. Nbxd4 Nxd4 10. Nxd4 Be7 11. b3 O-O 12. Bb2 Qf4 13. Qe2 Bc5 14. Rad1
e5 (14... b6 {0-1 (68) Prlac,V (2177)-Dizdarevic,E (2498) Sibenik 2010}) 15.
Nf3 e4 16. Ne5 Bb6 17. Rd6 Ne8 18. g3 Qf5 19. Rd5 Nf6 20. Rb5 Qh3 {[#] In
ausgeglichener Position entschließt sich Weiß, etwas Würze in die Partie zu
bringen.} 21. Nxf7 $6 Rxf7 22. Bxf6 gxf6 23. Qxe4 Bd7 {Das schwarze Gegenspiel
findet vor allem auf der Diagonalen c6-g2 statt.} 24. Bxf7+ ({Nach} 24. Qd5
Raf8 25. Qh5 Qxh5 26. Rxh5 Bc6 27. Bxf7+ Rxf7 {ist das schwarze Läuferpaar
sehr stark.}) 24... Kxf7 25. Qxb7 {[#]} Re8 {droht Lxf2} 26. Qd5+ Kg6 27. Qd3+
Bf5 28. Rxf5 {Erzwungen.} (28. Qc3 Be4 {mit Matt}) 28... Qxf5 29. Qd1 {Zählen:
Schwarz hat eine Figur mehr. Und der weiße König steht viel anfälliger als
der schwarze.} h5 30. h4 Qe4 31. c4 Rd8 32. Qc1 Rd3 33. c5 Qd4 34. Qc2 (34.
cxb6 Rxg3+ 35. Kh2 Qxh4#) 34... Bxc5 35. Re1 Kg7 36. b4 Rxg3+ 37. Kf1 Qg4 38.
fxg3 Qf3+ 0-1

[Event "3rd Prague Masters 2021"]
[Site "Prague CZE"]
[Date "2021.06.16"]
[Round "3.2"]
[White "Van Foreest, Jorden"]
[Black "Wojtaszek, R."]
[Result "1/2-1/2"]
[WhiteElo "2701"]
[BlackElo "2687"]
[PlyCount "96"]
[EventDate "2021.06.14"]
[EventType "tourn"]
[EventRounds "7"]
[EventCountry "CZE"]
[EventCategory "18"]
[SourceTitle "The Week in Chess 1389"]
[Source "Mark Crowther"]
[SourceDate "2021.06.21"]
[SourceVersion "1"]
[SourceVersionDate "2021.06.21"]
[SourceQuality "2"]

1. d4 Nf6 2. c4 e6 3. Nc3 Bb4 4. e3 O-O 5. Bd3 c5 6. Nf3 d5 7. O-O dxc4 8. Bxc4
cxd4 9. exd4 b6 10. Bg5 Bb7 11. Ne5 Nbd7 12. Nxf7 Rxf7 13. Bxe6 Qf8 14. Qb3
Bxc3 15. bxc3 Re8 16. Bxf7+ Qxf7 17. Qxf7+ Kxf7 18. c4 Rc8 19. Rfc1 Ba6 20. c5
Nd5 21. Rab1 bxc5 22. dxc5 Nxc5 23. Be3 Nxe3 24. fxe3 Ke6 25. Rb4 g6 26. h3 Ke5
27. Rf4 Ke6 28. Rc3 Nd3 29. Rxc8 Bxc8 30. Rf8 Bb7 31. Rh8 Bd5 32. Rxh7 Bxa2 33.
Rxa7 Bc4 34. Ra4 Ne5 35. Kf2 Kf5 36. Ra8 Ke4 37. Re8 Bb5 38. Re7 Kf5 39. g4+
Kf6 40. Rb7 Bc6 41. Rb8 g5 42. Kg3 Bd7 43. Rb6+ Be6 44. h4 gxh4+ 45. Kxh4 Nxg4
46. Rxe6+ Kxe6 47. Kxg4 Ke5 48. e4 Kxe4 1/2-1/2

[Event "Sarajevo Bosnia 35th"]
[Site "Sarajevo"]
[Date "2005.05.19"]
[Round "1"]
[White "Bologan, Viktor"]
[Black "Volokitin, Andrei"]
[Result "1-0"]
[WhiteElo "2700"]
[BlackElo "2679"]
[Annotator "Ftacnik,L"]
[PlyCount "97"]
[EventDate "2005.05.19"]
[EventType "tourn"]
[EventRounds "9"]
[EventCountry "BIH"]
[EventCategory "16"]
[SourceTitle "CBM 108"]
[Source "ChessBase"]
[SourceDate "2005.09.26"]
[SourceVersion "1"]
[SourceVersionDate "2005.09.26"]
[SourceQuality "1"]

1. d4 Nf6 2. c4 g6 3. Nf3 Bg7 4. g3 c6 5. Bg2 d5 6. O-O dxc4 7. Ne5 Ng4 8. Nxc4
{White is not sacrificing the central pawn with easy heart, but other moves
are not promissing any advantage.} Qxd4 9. Qc2 O-O (9... Na6 10. Nba3 Bf5 11.
e4 Be6 $13) 10. Nba3 Qf6 $6 {The retreat of the queen is slightly artificial,
it might have been wiser to bring her to h5.} (10... Qc5 $5 11. h3 (11. Bf4 Na6
$15) 11... Nf6 12. e4 Qh5 $17) 11. h3 Ne5 12. Na5 Na6 (12... Rd8 13. Rd1 (13.
Be3 Bf5 14. Rad1 Rxd1 15. Qxd1 Ned7 $17) 13... Rxd1+ 14. Qxd1 Ned7 15. Qd3 $17)
13. Rd1 g5 (13... Nb4 14. Qb3 Nd5 15. e4 Nb6 16. f4 $13) (13... Qe6 14. Be3 Nc7
15. Nb3 $13) 14. Be3 g4 15. h4 Bf5 16. Qa4 (16. Qc3 Qe6 $17) 16... b5 17. Qb3
Be6 18. Qc2 Bd5 (18... Bd7 19. Be4 $13) 19. Bxd5 {Bologan has managed to
complicate the matters, black's queenside is rather exposed.} Nb4 (19... cxd5
20. Nxb5 Rfc8 (20... Rfb8 21. Qa4 Qe6 22. Nd4 $14) 21. Qd2 e6 22. Nxa7 Rc7 (
22... Nc4 23. Nxc4 Rxc4 24. b3) 23. Nb5 Rcc8 24. a4 Qg6 25. Rac1 $14) 20. Bxf7+
Nxf7 21. Qb3 Qxb2 22. Rab1 Qxb3 (22... Qxe2 $6 23. Qxb4 Ne5 24. Qb3+ Kh8 25.
Qc2 $14) 23. Rxb3 Nxa2 (23... Nd5 24. Nxc6 Nxe3 25. Rxe3 a6 26. Nxe7+ Kh8 27.
f4 $16) 24. Nxc6 Nc3 (24... a6 $5 25. Nxe7+ Kh8 26. Nd5 Rac8 $15) 25. Nxe7+ Kh8
26. Rxc3 $5 (26. Rd3 Nxe2+ 27. Kf1 Nxg3+ 28. fxg3 Ne5+ 29. Ke2 Nxd3 30. Rxd3 a6
$15) 26... Bxc3 27. Nxb5 Bg7 (27... Bf6 28. Nd5 Be5 29. Bxa7 Rfd8 30. e4 Rd7
$11) 28. Nxa7 {The material relations on the board are quite unusual. White
enjoys compact pawn structure and the knight plus two soldiers for the rook.
Volokitin badly needs to coordinate his pieces to benefit from the potential
of his rooks.} Ne5 (28... Rfe8 29. Nac6 Ne5 $11) 29. Rc1 Rf7 30. Nec8 (30. Nac8
Ra2 31. Kf1 h6 $15) 30... Rd7 (30... h6 $15) 31. Nb5 Ra2 32. Ncd6 (32. Nb6 Rd8
33. Nc3 Ra5 $15) 32... h5 $6 (32... h6 $15) 33. Kf1 Kh7 34. Ne4 Kg6 35. Nc5 Re7
$2 {Serious step in the wrong direction, Bologan will manage to dominate the
position with his pieces springing to ideal squares.} (35... Rf7 36. Ne6 Bh6
$11) 36. Nc3 $1 Ra3 (36... Ra5 37. Nd5 Rf7 38. Nf4+ Kh6 39. Nce6 $16) 37. Nd5
Rf7 (37... Rea7 38. Nf4+ Kf7 39. Nxh5 Ra1 40. Nxg7 Nc4 41. Bh6 Rxc1+ 42. Bxc1
Ra1 43. Nf5 Rxc1+ 44. Kg2 $16) 38. Nf4+ Kh7 (38... Kh6 39. Nce6 $16) 39. Nce6
Bh6 40. Rc5 Ra1+ (40... Ng6 41. Rxh5 Nxf4 42. Nxf4 (42. Ng5+ Kg6 43. Rxh6+ Kxh6
44. Nxf7+ Kg7 45. Bxf4 Kxf7 $16) 42... Ra6 43. Nd3 $18) 41. Kg2 Nd7 42. Rxh5 {
In the end black is the one suffering as he failed to prevent perfect
cooperation between white's pieces.} Re7 43. Ng5+ Kg8 44. Rxh6 Rd1 45. Rg6+ Rg7
46. Rc6 Re7 47. Rc8+ Kg7 48. Bd4+ Nf6 49. Nge6+ 1-0

[Event "Dos Hermanas"]
[Site "Dos Hermanas"]
[Date "1996.05.22"]
[Round "2"]
[White "Gelfand, Boris"]
[Black "Ivanchuk, Vassily"]
[Result "1-0"]
[WhiteElo "2700"]
[BlackElo "2735"]
[Annotator "Huzman,A"]
[PlyCount "65"]
[EventDate "1996.05.21"]
[EventType "tourn"]
[EventRounds "9"]
[EventCountry "ESP"]
[EventCategory "19"]
[SourceTitle "CBM 053"]
[Source "ChessBase"]
[SourceDate "1996.08.01"]
[SourceVersion "1"]
[SourceVersionDate "1996.08.01"]
[SourceQuality "1"]

1. d4 {Bologan Azmaiparashvili Ftacnik Gelfand} Nf6 2. Nf3 g6 3. c4 Bg7 4. Nc3
d5 5. cxd5 Nxd5 6. e4 Nxc3 7. bxc3 c5 8. Rb1 O-O 9. Be2 cxd4 10. cxd4 Qa5+ 11.
Bd2 Qxa2 12. O-O b6 (12... Bg4 $1 {Azmaiparashvili}) 13. Bg5 Re8 $6 $146 (13...
Bb7 14. Bd3 Qe6 15. Re1 Qd6 16. Qd2 e6 $13 {Miladinovic,I-Atalik,S,1992,
Vrniacka Bania,54/471} (16... e6 {Ftacnik} 17. e5 Qd7 18. Qf4 Rc8 19. Be4 Bxe4
20. Rxe4 Qd5 21. Rbe1 Rc3 $8 22. Bh6 Rxf3 $1 $8 23. gxf3 Bxh6 24. Qxh6 Nd7 25.
Rc1 Qb7 26. Re3 b5 {1/2-1/2 Miladinovic,I-Atalik,S/Vrnjacka Banja/1992/ (43)})
(16... Nc6 17. e5 Qd8 18. Be4 $36)) 14. Bb5 Bd7 15. Qd3 Qa5 (15... Rc8 16. Rfc1
) (15... Qe6 16. Bc4 Qd6 17. e5 Qc7 18. Rfc1 $44) (15... h6 16. Bc4 Qa4 (16...
Qa5 {Ftacnik} 17. Bd5 hxg5 18. Bxa8 $16) 17. Bd2 (17. Ra1 {Ftacnik} Qb4 18.
Rfb1 Qd6 19. e5 Qc6 20. d5 $44) 17... e6 18. Rfc1 Rd8 19. Ra1 Qc6 20. Ba6 Qd6
21. Bb7 $16) 16. Bc4 (16. Bxd7 Nxd7 17. Ra1 Qb4 18. e5 Rec8 (18... e6 19. Rfb1
Qf8 20. Qb5) (18... b5 19. Rfb1 Qc4 20. Qxc4 bxc4 21. Rb7 Nb6 22. Bxe7 $36) 19.
Rfb1 Qc4 20. Qxc4 Rxc4 21. Bxe7 a5 $13 {/\22...Rac8}) 16... Nc6 (16... e6 17.
Bd2 Qh5 18. d5) (16... h6 17. e5 hxg5 (17... e6 18. Bd2 Qa4 19. d5 exd5 20.
Bxd5 Bc6 21. Rb4 Qa5 22. Bxf7+) 18. Bxf7+ Kxf7 19. Nxg5+ Kg8 20. Qxg6 Qd5 21.
Rfe1 Bc6 22. Re4 Qxe4 23. Nxe4) 17. Bd2 (17. Ra1 $5 Qb4 18. Bd2 Qd6 19. e5 Qc7
20. Ng5 e6 21. Rac1 $5 $36 (21. Rfc1 $5) (21. Ne4 Ne7 $13)) (17. Rb5 Qa4 (17...
Qa6 18. Bxf7+ Kxf7 19. Rf5+ Bxf5 20. Qxa6 Bxe4 21. Qe2 $16) 18. Bb3 Nb4 19.
Bxf7+ Kxf7 20. Qc4+ Kf8 (20... e6 21. Rxb4 Qc6 22. Qe2 Qd6 $13 23. Rbb1 $14)
21. Ne5 Bxe5 22. dxe5 Kg7 (22... e6 23. Rxb4 Qc6 24. Qd3 $16) 23. e6 (23. Rxb4
Qc6 $13) 23... Bxe6 24. Qd4+ Kf7 25. Rxb4 (25. Bh6 Red8) 25... Qd7 26. Qb2 $44)
17... Qh5 18. Rb5 e5 (18... Qg4 19. h3 $18) 19. Ng5 (19. Qb3 {Ftacnik} Nd8 20.
Rxe5 Bxe5 21. Nxe5 Be6 22. Qa4 Nb7 $17) 19... Nxd4 $6 (19... Rf8 20. f4 $5 (20.
dxe5 Nxe5 (20... Rad8 $5) 21. Rxe5 Bxe5 22. f4 Bg7 23. Qxd7 (23. Nxf7 $5) 23...
Rad8 $13) (20. Nxf7 Rxf7 21. dxe5 Rd8 $1 22. Bxf7+ Kxf7 23. Qd5+ Be6 24. Qxc6
Rxd2) 20... Nxd4 21. Rxe5 Bxe5 22. fxe5 Ne6 23. Nxf7 $18 Nc5 (23... Bc8 24.
Nh6+ Kg7 25. Rxf8 Nxf8 26. e6 $18) 24. Qd6) (19... Re7 $142 20. d5 (20. Qa3 Bf8
21. d5 (21. Rxb6 axb6 22. Qxa8 Nxd4) 21... Nd4 22. Rxb6 $2 Ree8 23. Rd6 Bb5 $1
$19) (20. dxe5 Nxe5 21. Rxe5 Bxe5 22. f4 Bf6 23. Nxf7 Be6 24. Bxe6 Rxe6 25. f5
gxf5 26. exf5 Re2 $13) (20. Nxf7 Rxf7 21. dxe5 Rd8 22. Bxf7+ Kxf7 23. f4 (23.
Qc4+ Kf8 24. e6 Bxe6 25. Qxc6) 23... Be6 $15) 20... Nd8 (20... Nd4 21. d6 (21.
d6 {Ftacnik} Bxb5 22. dxe7 Be8 23. f4 $36)) 21. Rbb1 Bh6 (21... h6 $5) 22. Qg3
Qg4 23. Qxg4 Bxg4 24. f4 $44) (19... Nd8 20. Rd5 Be6 21. dxe5 $16 (21. dxe5 {
Ftacnik} Rc8 22. f4 $1 $16) (21. Nxe6 Nxe6 22. Be3 Rad8 23. dxe5 Bxe5 24. f4
$13)) 20. Bxf7+ Kh8 (20... Kf8 {Ftacnik} 21. Bb4+ (21. Bxe8 Kxe8 22. Qc4 Bxb5
23. Qg8+ Bf8 24. Qf7+ Kd8 25. Qxf8+ Kd7 26. Qxa8 Bxf1 27. Qb7+ Kd8 28. Nf7+ Ke8
29. Bg5 $18) 21... Re7 22. Rd5 Bc6 23. Bxe7+ Kxe7 24. Qa3+ Kf6 25. Rd6+ $18)
21. Bxe8 Bxe8 (21... Rxe8 22. Rd5 (22. Rb2 $16 {Ftacnik}) 22... Bc6 23. Rxd4
exd4 24. Qc4 $18) 22. Rb2 $1 $16 (22. Rd5 h6 23. Nf3 Bc6) 22... h6 (22... Qg4
23. h3 Qd7 24. Nf3) (22... Ne2+ 23. Kh1 Nf4 24. Bxf4 exf4 25. Qd5 $18) (22...
Bf6 23. Ne6 Nxe6 24. Qd5 Nc7 25. Qd6) (22... Bh6 23. Ne6 Nxe6 (23... Bxd2 24.
Qxd2 Nxe6 25. Qd5 Nc7 26. Qb7 $16) 24. Qd5 $16 (24. Bxh6 Qxh6 25. Qd5 Nc7 26.
Qb7 $16 (26. Qxe5+ Qg7)) 24... Nc7 25. Qb7) (22... Rd8 23. Nf3 $16) (22... Qe2
$1 {Ftacnik}) 23. Ne6 $3 (23. Nf3 Nxf3+ 24. Qxf3 Qxf3 25. gxf3 $16) (23. Nh3 {
Ftacnik} Bd7 $13) 23... Nxe6 24. Qd5 Nc7 (24... Rd8 {Ftacnik} 25. Qxe6 Qe2 26.
Bxh6 $1 Qxb2 27. Bxg7+ Kxg7 28. Qe7+ Bf7 29. Qxd8 $18) 25. Qb7 Qe2 (25... Qg4
26. Rc2) 26. Re1 (26. Rc2 $2 Rd8 27. Rxc7 Bb5) (26. Qxc7 Qxe4) 26... Qc4 27.
Rc1 Qd4 (27... Qe2 {Ftacnik} 28. Rbc2 Rd8 29. Be1 Qa6 30. Qxc7 $16) 28. Rbc2 (
28. Rxc7 Bc6 $5 (28... Qxb2 29. Qxa8 Qxd2 30. g3 (30. Qxe8+ Kh7 31. h3 Qe1+ 32.
Kh2 Qxf2 33. Qxe5 $18) 30... Kh7 31. Qb7 $18) 29. Qxc6 Rf8 30. h3 (30. Be1 Qxb2
31. Qxg6 Rg8 $132) 30... Rxf2 31. Be3 $18) 28... Rd8 29. Qxc7 Kh7 (29... Ba4
30. Qxd8+ Qxd8 31. Rc8 $18) (29... Rd7 {Ftacnik} 30. Qb8 Rd8 31. Qxa7 $18) 30.
Bc3 (30. Qxa7 Rd7 (30... Qxe4 31. Rc7 $18) 31. Qa8 Bf7 $18 (31... Rd8 32. Qa1
$18) (31... Bf7 32. Be1 $18)) 30... Qd7 31. Be1 (31. Bxe5 $4 {Ftacnik} Qd1+ 32.
Rxd1 Rxd1#) 31... g5 32. Qxd7 Rxd7 (32... Bxd7 {Ftacnik} 33. Rc7 $18) 33. Rc7 (
33. Rc7 {Ftacnik} a6 34. Rxd7 Bxd7 35. Rc7 Ba4 36. Bc3 $18) 1-0

[Event "World-ch33-KK4 Kasparov-Karpov +4-4=16"]
[Site "Seville"]
[Date "1987.10.23"]
[Round "5"]
[White "Karpov, Anatoly"]
[Black "Kasparov, Garry"]
[Result "1-0"]
[WhiteElo "2700"]
[BlackElo "2740"]
[Annotator "Bulletin"]
[PlyCount "75"]
[EventDate "1987.10.12"]
[EventType "match"]
[EventRounds "24"]
[EventCountry "ESP"]
[SourceTitle "MainBase"]
[Source "ChessBase"]
[SourceDate "1999.07.01"]
[SourceVersion "2"]
[SourceVersionDate "1999.07.01"]
[SourceQuality "1"]

1. d4 Nf6 2. c4 g6 3. Nc3 d5 4. cxd5 Nxd5 5. e4 Nxc3 6. bxc3 Bg7 7. Bc4 c5 8.
Ne2 Nc6 9. Be3 O-O 10. O-O Bg4 11. f3 Na5 12. Bxf7+ $5 {N; Zaitsev,I; 12.Bd5 -
41/539} Rxf7 13. fxg4 Rxf1+ 14. Kxf1 Qd6 {14...Qd7 - 44/(568)} (14... Qb6 $5)
15. e5 Qd5 (15... Qe6 $5 {/\} 16. g5 Nc4 17. Qd3 $2 Qf5+ $1 $19) 16. Bf2 Rf8
17. Kg1 Bh6 $44 18. h4 Qf7 19. Bg3 Be3+ 20. Kh2 Qc4 $1 21. Rb1 (21. d5 Qxg4 22.
d6 Bf2 23. dxe7 Bxg3+ 24. Nxg3 Qxh4+ 25. Kg1 Qxe7 $17) (21. dxc5 Qxg4 $10)
21... b6 (21... Qxa2 22. Ra1 Qb3 23. Qd3 Nc4 24. Rb1 Qa2 25. Rxb7 $16) 22. Rb2
(22. dxc5 $5 bxc5 $1 (22... Qxc5 23. Qd7 $14) (22... Bxc5 23. Nd4 Qxa2 24. h5
$14) 23. Ng1 Bf2 $1 (23... Qxc3 24. Qd5+ Kh8 25. Nf3 $16) (23... Qxa2 24. Ra1
Qb3 25. Qxb3+ Nxb3 26. Rxa7 Nd2 27. Nf3 $1 $16) 24. Nf3 $8 Bxg3+ 25. Kxg3 Qf4+
26. Kh3 Nc4 27. Qd5+ Kh8 28. Qxc5 (28. Qe6 Ne3 {/\ Ng2|^}) 28... h5 (28... Ne3
29. Qd4 Nxg2 $10) 29. gxh5 Qf5+ (29... Ne3 30. Qd4 Qf5+ 31. Kh2 $13) 30. Kh2
Qxb1 31. Qxc4 gxh5 32. Qe6 $13) 22... Qd5 $1 23. Qd3 Nc4 24. Rb1 b5 (24... Rf2
$5 25. Bxf2 $8 Nxe5 26. c4 $1 $8 (26. Qxe3 Nxg4+ 27. Kg1 Nxe3 28. Bxe3 Qe4 $19)
26... Qd7 $1 (26... Nxg4+ 27. Kg3 $1 Bxf2+ 28. Kxg4 $18) (26... Qd6 27. Bg3 $1
(27. Qxe3 $2 Nf3+ 28. Kh3 Qh2#) 27... Nxg4+ 28. Kh3 (28. Kh1 $2 Qxg3 $1 29.
Nxg3 Nf2+ 30. Kh2 Ng4+ 31. Kh1 Nf2+ 32. Kg1 Nxd3+ 33. Kf1 cxd4 $10) 28... Qd7
29. Qb3 $18 (29. Qc2 $2 Bg1 $1 $19)) 27. Qxe3 $1 $8 (27. Qe4 Nxg4+ 28. Kg1 (28.
Kg3 Bxf2+ 29. Kf3 Nf6 $1 30. Qa8+ Kf7 31. Kxf2 Qf5+ $17) 28... Bxf2+ 29. Kf1
Nf6 $15) 27... Nxg4+ 28. Kg1 Nxe3 29. Bxe3 Qe6 30. Rb3 $1 (30. Bh6 g5 $1 $8 31.
hxg5 Qe3+ 32. Kf1 cxd4 $13) 30... Qxc4 31. Kf2 (31. Bh6 Kf7 $13) 31... cxd4 (
31... e5 $2 32. Bh6 cxd4 33. Rf3 Qc5 34. Rf8+ Qxf8+ 35. Bxf8 Kxf8 36. Kf3 $18)
32. Nxd4 e5 $13) (24... g5 $3 {Kasparov,G} 25. Rd1 $5 gxh4 $8 26. Bxh4 Bf2 27.
Qh3 $1 $8 Qe4 $1 (27... Ne3 28. Rd3 Nf1+ (28... Qe4 $2 29. Bxf2 Nxg4+ 30. Qxg4+
$1 Qxg4 31. Rg3 $18) 29. Kh1 Qxa2 30. Bxf2 Qxe2 31. Rf3 Rxf3 32. Qxf3 Qxf3 33.
gxf3 c4 34. d5 Nd2 35. Kg2 $10) 28. Bxe7 $8 Rf7 $1 (28... Qxe2 29. Qh6 $1 Rf7
30. Qg5+ Rg7 31. Qf4 $3 (31. Qf6 $2 Bg3+ $1 $19) 31... Rxe7 32. Qg5+ Kf8 $8 33.
Qf6+ Ke8 34. Qc6+ $1 Rd7 35. e6 Ne5 $1 36. exd7+ $8 Nxd7 37. Qf3 Qxf3 38. gxf3
$10) 29. Bf6 Ne3 $1 30. g5 $1 Ng4+ $1 (30... Nxd1 31. Qc8+ $10) 31. Kh1 Bxd4 $1
(31... Qxe2 32. Qf3 $8 Qxf3 33. gxf3 Nxf6 34. gxf6 cxd4 35. cxd4 $44) 32. Ng3
$8 (32. Qf3 Nf2+ 33. Kg1 Qxf3 34. gxf3 Nxd1+ 35. cxd4 Rd7 $1 $19) 32... Qf4 33.
Qh5 $8 (33. Rd2 Qe3 $1 $19) (33. Rf1 Qxf1+ 34. Nxf1 Nf2+ 35. Kh2 Bxe5+ $1 $19)
33... Qxg3 34. cxd4 Nf2+ 35. Kg1 Nxd1 36. Qxd1 Qe3+ 37. Kh1 Qxd4 (37... cxd4
38. Qg4 $15 (38. Qa4 $15)) 38. Qh5 Qd2 $1 (38... c4 $2 39. Qxf7+ $1 $16) (38...
Qd3 39. e6 Rxf6 40. gxf6 Qf1+ 41. Kh2 Qxf6 42. Qe8+ Qf8 43. Qd7 $10) (38... Qd7
39. g6 Rf8 40. e6 $44) (38... Qd5 39. g6 Rd7 40. Qg5 $13) (38... Qe4 39. Qh3
$15) 39. g6 Rd7 $17) 25. Kh3 $5 (25. Rxb5 Nxe5 26. Rxc5 $8 (26. Bxe5 Rf2 $19)
26... Nxg4+ (26... Qxc5 $2 27. Bxe5 $18) 27. Kh3 Rf3 $5 (27... Nf2+ $6 28. Bxf2
$8 Qe6+ 29. g4 $1 Bxf2 (29... h5 30. Qxe3 Qxg4+ 31. Kh2 Rf3 32. Re5 $1 $16) 30.
Re5 Qf7 31. Qe4 $1 Bxh4 $1 32. g5 $1 (32. Kxh4 $2 Qf2+ 33. Kg5 Qf6+ (33... h6+
34. Kxh6 Qh4+ 35. Rh5) 34. Kh6 Qg7+ (34... Qh4+ 35. Rh5 $1 Qf6 36. Re5 $10) 35.
Kg5 Qf6+ $10) 32... Be1 33. Rxe7 Qf3+ (33... Qf1+ 34. Kg4 $18) 34. Qxf3 Rxf3+
35. Kg4 $16) (27... Qd7 28. Qc4+ Kg7 29. Qd5 Nf2+ 30. Kh2 Ng4+ $10) 28. Rxd5 (
28. Kxg4 $2 h5+ 29. Kh3 Qe6+ 30. Kh2 Bg1+ $19) (28. gxf3 Qxf3 29. Qc4+ Kg7 30.
Qd5 Nf2+ $10) 28... Nf2+ 29. Kh2 Ng4+ $10) 25... a6 (25... Nd2 26. Rd1 $1 (26.
Rxb5 $2 Rf1 $1 {/\} 27. Qxe3 (27. Kh2 Nf3+ $19) 27... Rh1+ 28. Bh2 Rxh2+ $19))
26. Ng1 cxd4 27. Nf3 Rd8 (27... Rxf3 28. gxf3 Nd2 29. Rd1 $1 $18) 28. a4 dxc3
29. Qxc3 Qe6 30. Kh2 bxa4 (30... Qxg4 31. axb5 axb5 32. Rxb5 Nd2 33. Nxd2 Bxd2
$10) 31. Rb4 Nd2 32. Rxa4 Nf1+ 33. Kh3 Rd1 (33... h5 $5 34. Qc4 $10) 34. Qc2 (
34. Rxa6 Qxa6 35. Qb3+ Kg7 36. Qxd1 Nxg3 37. Kxg3 $14) 34... Rc1 35. Qe2 h5 36.
Be1 Qd7 $2 (36... Ra1 $1 37. Ng5 (37. Re4 $2 hxg4+ 38. Rxg4 Ra4 39. Ng5 Bxg5
40. hxg5 Ne3 $19) (37. Qc4 $10) 37... hxg4+ (37... Rxa4 38. Nxe6 hxg4+ 39. Qxg4
Rxg4 40. Kxg4 $14) 38. Rxg4 Bxg5 39. hxg5 Ra4 40. Kh4 $10) 37. Qxa6 Ra1 $4 38.
Qxg6+ 1-0

[Event "Corsica Masters KO 19th"]
[Site "Bastia"]
[Date "2015.10.19"]
[Round "3"]
[White "Kovalenko, Igor"]
[Black "Almasi, Zoltan"]
[Result "1-0"]
[WhiteElo "2700"]
[BlackElo "2689"]
[PlyCount "41"]
[EventDate "2015.10.18"]
[EventType "k.o. (rapid)"]
[EventRounds "4"]
[EventCountry "FRA"]
[SourceTitle "CBM 168 Extra"]
[Source "ChessBase"]
[SourceDate "2015.10.29"]
[SourceVersion "1"]
[SourceVersionDate "2015.10.29"]
[SourceQuality "1"]

1. d4 Nf6 2. Nf3 e6 3. e3 b6 4. Bd3 Bb7 5. O-O c5 6. c4 g6 7. Nc3 Bg7 8. d5
exd5 9. cxd5 Nxd5 10. Nb5 O-O 11. Nd6 Bc6 12. e4 Nb4 13. Bc4 b5 14. Bxf7+ Rxf7
15. Nxf7 Kxf7 16. Qb3+ d5 17. a3 N4a6 18. Ng5+ Kg8 19. Qh3 Qe8 20. Qxh7+ Kf8
21. Bf4 1-0

[Event "World Blitz 2018"]
[Site "St Petersburg RUS"]
[Date "2018.12.29"]
[Round "8.18"]
[White "Matlakov, M."]
[Black "Fedoseev, Vl3"]
[Result "1-0"]
[WhiteElo "2700"]
[BlackElo "2719"]
[PlyCount "107"]
[EventDate "2018.12.29"]
[EventType "swiss (blitz)"]
[EventRounds "21"]
[EventCountry "RUS"]
[SourceTitle "The Week in Chess 1260"]
[Source "Mark Crowther"]
[SourceDate "2018.12.31"]
[SourceVersion "2"]
[SourceVersionDate "2019.08.03"]
[SourceQuality "2"]

1. c4 Nf6 2. Nc3 g6 3. g3 Bg7 4. Bg2 c6 5. e4 d6 6. d4 O-O 7. Nf3 Qa5 8. O-O
Qh5 9. Qb3 e5 10. d5 Na6 11. Ne1 cxd5 12. cxd5 Nc5 13. Qc2 Bd7 14. f3 Rac8 15.
Nd3 Na4 16. Be3 b6 17. Qd2 Nxc3 18. bxc3 g5 19. Bxg5 Bb5 20. Be3 Rc7 21. a4 Bc4
22. Rfc1 Bxd3 23. Qxd3 Bh6 24. a5 bxa5 25. Rxa5 Nd7 26. Rca1 Rfc8 27. R1a3
Bxe3+ 28. Qxe3 Rb8 29. h4 Nc5 30. Rxa7 Rxa7 31. Rxa7 h6 32. Ra1 Rb2 33. Re1 Qg6
34. Kh2 Kg7 35. Re2 Rb3 36. Ra2 Qf6 37. Bh3 Rb1 38. Bf5 Rd1 39. Rd2 Ra1 40. Rb2
Qd8 41. Kh3 Rh1+ 42. Rh2 Rd1 43. Rd2 Rh1+ 44. Kg2 Rb1 45. f4 Qf6 46. fxe5 Qxe5
47. Qd4 Kf6 48. Rf2 Rb3 49. Be6+ Kg6 50. Bxf7+ Kg7 51. Qxe5+ dxe5 52. d6 Rxc3
53. Bd5 Ra3 54. d7 1-0